| 000 | 00523nam 22001813 4500 | ||
|---|---|---|---|
| 001 | 201950 | ||
| 090 | _a201950 | ||
| 100 | _a20260424d u||y0pory50 ba | ||
| 200 |
_aPrimitivos do cinema português _fFernando Duarte |
||
| 210 |
_aLisboa _cCinecultura _d1960 |
||
| 215 |
_a55 p. _cil. ; brochado _d18 cm |
||
| 225 |
_aBiblioteca do Cinema _v2 |
||
| 606 |
_916666 _aCinema. Filmes |
||
| 675 |
_a791(469) _vPT _zpor |
||
| 700 |
_915408 _aDuarte _bFernando |
||
| 801 |
_aPT _bBMMN _gRPC |
||
| 830 |
_cAna Falardo _fAna Falardo |
||
| 990 | _cLIVROS | ||